[Event "13. Lipperland-Open"]
[Site "Doerentrup"]
[Date "2014.06.05"]
[Round "7.9"]
[White "Klein, Reinhard"]
[Black "Grasmeyer, Klaus-Peter"]
[Result "1-0"]
[WhiteElo "1949"]
[BlackElo "1795"]
[Annotator "chessorg"]
[PlyCount "37"]
[EventDate "2014.??.??"]
[WhiteTeam "SC Roter Turm Altstadt"]
[BlackTeam "SC Villingen"]

1. d4 Nf6 2. c4 c6 3. Bf4 e6 4. e3 Be7 5. Nc3 d5 6. Bd3 O-O 7. h3 Nbd7 8. Nf3
Re8 9. c5 b6 10. b4 b5 11. a4 bxa4 12. Rxa4 Bb7 13. O-O a6 14. Qe2 Qc7 15. Rfa1
Nb8 16. b5 cxb5 17. Bxb5 axb5 18. Rxa8 Bxa8 19. Rxa8 1-0

[Event "13. Lipperland-Open"]
[Site "Doerentrup"]
[Date "2014.06.06"]
[Round "8.1"]
[White "Bachmann, Rolf"]
[Black "Kaiser, Gerhard"]
[Result "1/2-1/2"]
[WhiteElo "2032"]
[BlackElo "2083"]
[Annotator "chessorg"]
[PlyCount "162"]
[EventDate "2014.??.??"]
[WhiteTeam "Schachvereinigung Hamm"]
[BlackTeam "Hamelner SV"]

1. d4 Nf6 2. c4 e6 3. Nc3 Bb4 4. Qc2 c5 5. Nf3 cxd4 6. Nxd4 O-O 7. a3 Be7 8. e4
Nc6 9. Nxc6 dxc6 10. Be2 e5 11. O-O Be6 12. b3 Qc7 13. Bb2 a5 14. Rfd1 Rfd8 15.
Rxd8+ Rxd8 16. Rd1 Rxd1+ 17. Qxd1 Qd7 18. Qxd7 Nxd7 19. Bd3 g5 20. Kf1 f6 21.
Ke1 Bd6 22. Bc2 Kf8 23. f3 Ke7 24. Nd1 Bc5 25. Kd2 Bg1 26. h3 Kd6 27. a4 Bd4
28. Bc3 b6 29. Nb2 c5 30. Nd1 Nb8 31. Ne3 Bxe3+ 32. Kxe3 Nc6 33. Bd1 Nd4 34.
Kd3 f5 35. g4 fxe4+ 36. fxe4 Ke7 37. Ke3 Kf6 38. Kf2 Bd7 39. Be1 Bc6 40. Ke3
Kg6 41. Bg3 Kf6 42. h4 h6 43. hxg5+ hxg5 44. Be1 Ne6 45. Be2 Nc7 46. Bc3 Ne8
47. Be1 Ke6 48. Bd2 Nd6 49. Bd3 Bd7 50. Be2 Kf6 51. Bc3 Bc6 52. Bd3 Nf7 53. Be2
Nh6 54. Kf2 Bxe4 55. Bd1 Ke6 56. Bd2 Nf7 57. Ke3 Bc6 58. Be1 Kf6 59. Bg3 Nd6
60. Bc2 Bd7 61. Bd1 Nf7 62. Ke4 Ke6 63. Bh2 Bc6+ 64. Ke3 Nh6 65. Be2 Kf6 66.
Bd1 Bd7 67. Ke4 Ke6 68. Ke3 Be8 69. Ke4 Bg6+ 70. Ke3 Nf7 71. Bg3 Nd8 72. Bh2
Nc6 73. Kd2 Nd4 74. Kc3 Be4 75. Bg3 Bf3 76. Bxf3 Nxf3 77. Kc2 Nd4+ 78. Kb2 Ne2
79. Bh2 Nf4 80. Kc2 Kd6 81. Kd2 Ne6 1/2-1/2

[Event "13. Lipperland-Open"]
[Site "Doerentrup"]
[Date "2014.06.06"]
[Round "8.3"]
[White "Oud, Niek"]
[Black "Rürup, Hans-Heinz"]
[Result "0-1"]
[WhiteElo "1980"]
[BlackElo "2014"]
[Annotator "chessorg"]
[PlyCount "48"]
[EventDate "2014.??.??"]
[WhiteTeam "VAS"]
[BlackTeam "SV Bad Oeynhausen"]

1. d4 d5 2. c4 c6 3. Nf3 Nf6 4. e3 Bf5 5. Nc3 e6 6. Be2 Bd6 7. O-O Nbd7 8. b3
O-O 9. Bb2 Ne4 10. Rc1 Qf6 11. Nxe4 dxe4 12. Ne1 Qh6 13. g3 Bh3 14. Ng2 f5 15.
Re1 Bxg2 16. Kxg2 Nf6 17. f4 exf3+ 18. Bxf3 Ne4 19. d5 exd5 20. cxd5 Rad8 21.
Bxe4 fxe4 22. Qd4 Rf2+ 23. Kxf2 Qxh2+ 24. Kf1 Rf8+ 0-1

[Event "13. Lipperland-Open"]
[Site "Doerentrup"]
[Date "2014.06.06"]
[Round "8.4"]
[White "Joege, Friedhelm"]
[Black "Klein, Reinhard"]
[Result "0-1"]
[WhiteElo "2135"]
[BlackElo "1949"]
[Annotator "chessorg"]
[PlyCount "76"]
[EventDate "2014.??.??"]
[WhiteTeam "Bad Pyrmont"]
[BlackTeam "SC Roter Turm Altstadt"]

1. d4 Nf6 2. c4 g6 3. Nc3 Bg7 4. e4 d6 5. f3 O-O 6. Be3 e5 7. d5 Nbd7 8. Qd2
Nc5 9. b4 Ncd7 10. a3 a5 11. Rb1 axb4 12. axb4 Nh5 13. Nh3 f5 14. exf5 gxf5 15.
Bd3 e4 16. fxe4 Bxc3 17. Qxc3 fxe4 18. Be2 Ne5 19. Kd2 Bg4 20. Bxg4 Nxg4 21.
Bd4 Qe7 22. Ra1 Rxa1 23. Rxa1 Nxh2 24. g4 Rf3 25. Be3 Nf1+ 26. Rxf1 Rxf1 27.
gxh5 Qh4 28. Nf2 Rxf2+ 29. Bxf2 Qxf2+ 30. Kd1 Qg1+ 31. Kd2 Qh2+ 32. Ke1 Qxh5
33. Qf6 Qh1+ 34. Kd2 Qg2+ 35. Ke1 Qg3+ 36. Kd2 Qd3+ 37. Ke1 Qe3+ 38. Kd1 Qf3+
0-1

[Event "13. Lipperland-Open"]
[Site "Doerentrup"]
[Date "2014.06.06"]
[Round "8.5"]
[White "Adam, Detlef"]
[Black "Kumeth, Hartmut"]
[Result "1/2-1/2"]
[WhiteElo "2077"]
[BlackElo "1801"]
[Annotator "chessorg"]
[PlyCount "99"]
[EventDate "2014.??.??"]
[WhiteTeam "Schachklub Minden 08"]
[BlackTeam "SK Union Oldenburg"]

1. e4 c6 2. d4 e6 3. Bd3 d5 4. e5 b6 5. f4 Ne7 6. Nf3 g6 7. Nbd2 c5 8. c3 c4 9.
Bc2 Bg7 10. Nf1 Nd7 11. Ne3 f5 12. exf6 Nxf6 13. Ne5 O-O 14. g4 Bd7 15. Qe2 Rb8
16. Bd2 b5 17. a3 Rb6 18. h4 Be8 19. h5 Ne4 20. Bxe4 dxe4 21. hxg6 Nxg6 22. Qh2
h6 23. f5 Nxe5 24. dxe5 exf5 25. gxf5 h5 26. Rg1 Qb8 27. Nd5 Kh7 28. Nxb6 Bxe5
29. Qf2 axb6 30. O-O-O Qc7 31. Qe3 Qc6 32. Rg6 Bxg6 33. Qh6+ Kg8 34. Rg1 Rf6
35. Bg5 Rxf5 36. Rd1 Bc7 37. Be3 Rf3 38. Kb1 Rxe3 39. Qxe3 Qf6 40. Ka2 Bf4 41.
Qh3 Qf5 42. Qxf5 Bxf5 43. Rf1 e3 44. Rxf4 e2 45. Rxf5 e1=Q 46. Rxh5 b4 47. axb4
Qd1 48. Rh4 Qd5 49. Rd4 Qf7 50. Kb1 1/2-1/2

[Event "13. Lipperland-Open"]
[Site "Doerentrup"]
[Date "2014.06.06"]
[Round "8.6"]
[White "Perk, Egbert"]
[Black "Rodemann, Edmund"]
[Result "1/2-1/2"]
[WhiteElo "1933"]
[BlackElo "2021"]
[Annotator "chessorg"]
[PlyCount "49"]
[EventDate "2014.??.??"]
[WhiteTeam "SK Lister Turm"]
[BlackTeam "Schachfreunde Schwerte 1951"]

1. d4 f5 2. c4 Nf6 3. g3 e6 4. Bg2 c6 5. Nf3 d5 6. Qc2 Bd6 7. O-O O-O 8. b3 Qe7
9. Bb2 b6 10. Nbd2 Bb7 11. Ne5 Nbd7 12. Ndf3 Rac8 13. Nxd7 Nxd7 14. Qd2 Nf6 15.
Ne5 Rfd8 16. cxd5 exd5 17. Rac1 c5 18. e3 Rc7 19. Rfd1 Rdc8 20. f4 cxd4 21.
exd4 Ne4 22. Bxe4 fxe4 23. Rxc7 Rxc7 24. Rc1 g6 25. Rxc7 1/2-1/2

[Event "13. Lipperland-Open"]
[Site "Doerentrup"]
[Date "2014.06.06"]
[Round "8.11"]
[White "Grasmeyer, Klaus-Peter"]
[Black "Schulz, Hermann"]
[Result "1-0"]
[WhiteElo "1795"]
[BlackElo "1707"]
[Annotator "chessorg"]
[PlyCount "49"]
[EventDate "2014.??.??"]
[WhiteTeam "SC Villingen"]
[BlackTeam "Post SV Uelzen"]

1. d4 Nf6 2. Nf3 e6 3. e3 d5 4. Be2 Bd6 5. O-O O-O 6. b3 Re8 7. Bb2 Nbd7 8.
Nbd2 b6 9. Rc1 Bb7 10. c4 Rc8 11. cxd5 exd5 12. a3 Ne4 13. Nxe4 dxe4 14. Nd2
Re6 15. h3 Qg5 16. Kh1 Kh8 17. Nc4 Rg6 18. Rg1 Be7 19. f4 exf3 20. Bxf3 Ba6 21.
e4 Rh6 22. Bg4 Rd8 23. Bxd7 Rxd7 24. Ne5 Qg3 25. Nxf7+ 1-0

[Event "13. Lipperland-Open"]
[Site "Doerentrup"]
[Date "2014.06.05"]
[Round "7.1"]
[White "Kaiser, Gerhard"]
[Black "Rodemann, Edmund"]
[Result "1-0"]
[WhiteElo "2083"]
[BlackElo "2021"]
[Annotator "chessorg"]
[PlyCount "85"]
[EventDate "2014.??.??"]
[WhiteTeam "Hamelner SV"]
[BlackTeam "Schachfreunde Schwerte 1951"]

1. e4 c6 2. d4 d5 3. Nc3 dxe4 4. Nxe4 Nd7 5. Bd3 Ngf6 6. Ng5 e6 7. Qe2 Bd6 8.
N1f3 h6 9. Ne4 Nxe4 10. Bxe4 Qc7 11. O-O b6 12. c4 Nf6 13. Bd3 Bb7 14. Bd2 O-O
15. Bc3 Be7 16. Rfe1 Rfe8 17. Ne5 c5 18. dxc5 Bxc5 19. b4 Be7 20. Rad1 Bf8 21.
h3 Rad8 22. a3 Nd7 23. Qg4 Nxe5 24. Bxe5 Qe7 25. Qg3 Qg5 26. Qxg5 hxg5 27. Bc2
Be7 28. Ba4 Rxd1 29. Rxd1 Rd8 30. Rxd8+ Bxd8 31. Bd6 Bc8 32. c5 bxc5 33. bxc5
g6 34. f3 Kg7 35. Kf2 Kf6 36. Bb8 a6 37. Ke3 Kg7 38. Bd6 f6 39. Be8 f5 40. Kd4
Bf6+ 41. Kc4 Bb2 42. c6 Kf6 43. Bd7 1-0

[Event "13. Lipperland-Open"]
[Site "Doerentrup"]
[Date "2014.06.05"]
[Round "7.11"]
[White "Schulz, Hermann"]
[Black "Schröter, Hans-Christoph"]
[Result "1/2-1/2"]
[WhiteElo "1707"]
[BlackElo "2074"]
[Annotator "chessorg"]
[PlyCount "43"]
[EventDate "2014.??.??"]
[WhiteTeam "Post SV Uelzen"]
[BlackTeam "SK Minden"]

1. e4 c5 2. Nf3 e6 3. d4 cxd4 4. Nxd4 a6 5. Nc3 Qc7 6. Be2 Bb4 7. Bd2 Nf6 8.
Bd3 O-O 9. O-O Nc6 10. Nxc6 bxc6 11. Qe2 e5 12. Kh1 d5 13. f3 d4 14. Nb1 Qb6
15. c3 Bc5 16. b4 Bd6 17. a3 a5 18. cxd4 axb4 19. Bc1 Qxd4 20. Ra2 Be6 21. Be3
b3 22. Bxd4 1/2-1/2

[Event "13. Lipperland-Open"]
[Site "Doerentrup"]
[Date "2014.06.05"]
[Round "7.14"]
[White "Aufmwasser, Guenter"]
[Black "Hoffmann, Erich"]
[Result "1-0"]
[WhiteElo "1717"]
[BlackElo "1898"]
[Annotator "chessorg"]
[PlyCount "63"]
[EventDate "2014.??.??"]
[WhiteTeam "Schachverein 1922 Hilden"]
[BlackTeam "Schachklub Xanten e.V."]

1. f4 d5 2. Nf3 Nc6 3. e3 Bd7 4. Be2 g6 5. O-O Bg7 6. Nc3 e6 7. b3 d4 8. exd4
Nxd4 9. Nxd4 Bxd4+ 10. Kh1 Nh6 11. Rb1 Nf5 12. Qe1 h5 13. Bf3 h4 14. Ne2 Ng3+
15. Nxg3 hxg3 16. Qxg3 Bf6 17. Bxb7 Rb8 18. Qf3 Bg7 19. Bc6 Rxh2+ 20. Kxh2 Qh4+
21. Qh3 Qxh3+ 22. Kxh3 Bxc6 23. Bb2 f6 24. c4 Kf7 25. Rbd1 Be4 26. Kg3 a5 27.
d3 Bc6 28. Bc3 a4 29. b4 a3 30. b5 Bd7 31. Rb1 Bf8 32. Bb4 1-0